| 000 | 00350nam a2200133Ia 4500 | ||
|---|---|---|---|
| 008 | 240624s9999 xx 000 0 und d | ||
| 041 | _aeng | ||
| 082 | _a004.16 AYA | ||
| 100 | _aAYALA KENNETH J | ||
| 245 | _a8086 MICROPROCESSOR PROGRAMMING AND INTE | ||
| 260 |
_c1995 _aMumbai _bPenram International |
||
| 300 | _axix, : 672 : cm. ; 26 | ||
| 365 | _cRS | ||
| 999 |
_c2204 _d2204 |
||